03786nab a22006497 4500003000900000022001400009040001800023041000800041044000700049245003000056260002500086300004300111505001100154505005100165505009600216505005100312505009800363505005500461505008600516505005700602505009300659505010100752505022100853505006001074505009001134505005701224505013801281505006301419505007201482505004701554505010001601505001901701505012601720505003801846505006001884505006101944505003902005505003702044505003702081505003702118505003702155505003802192505004902230505002602279505007402305505006202379505004302441505014502484505006702629505005702696505008202753505010102835505004002936505005302976650003303029773007403062AR-RoUNA a0327-9022 aAR-RoUNAbspa aspa aag aSumma+ / bMuseo Memorial aBuenos Aires ,c1993 a128 p. :bil. byn.bplanosc34 X25 cm.0 tINDICE0 tMUSEO MEMORIAL - CHILE - SITIO PARA LA MEMORIA0 aEstudio América / Museo de la memoria y los derechos humanos, Santiago, Chile, 2008. p. 40 tEDIFICIOS MUNICIPALES - Brasil - GRANDES LUCES0 aPaulo Mendes Da Rocha Arq. / Escuela Parque de Arte y Ciencia, San Pablo, Brasil, 2007. p. 140 tEDIFICIOS MUNICIPALES - Argentina - DESDE EL LLANO0 aPelli Clarke Pelli / Centro Municipal del Distrito Sudoeste, Rosario, 2009. p. 240 tEDIFICIO MUNICIPALES - Portugal - RESGUARDO INTERIOR0 aJoâo Lucas Dias / Biblioteca Municipal en Sâo Domingos de Rana, Cascais, 2007. p. 320 aAna Carolina Pellegrini / Boloña, Barcelona y Firminy: cuando el proyecto es patrimonio. p. 380 a* Iglesia de Saint-Pierre, concluida en 2006 * Pabellón del Espírit Nouveau, Le Corbusier en 1925, reconstruido 1975 y 1977 * Pabellón Alemán de Barcelona, Mies van der Rohe en 1979, reconstruido 1981 y 19860 tEDIFICIO MUNICIPALES - Chile - RENOVACIÓN SIMBÓLICA0 aEmilio Marin + Murúa - Valenzuela / Biblioteca Pública de Licantén, 2009. p. 520 tEDIFICIO MUNICIPALES - Brasil - CUBIERTA COMUNITARIA0 aSilvio Todeschi, Flávio Agostini y Alexandre Campos / Centro Comunitario Parque Da Terceira Água (H30), Minas Gerais, 2009. p. 580 tEDIFICIOS MUNICIPALES - México - CONSTRUIR SOBRE CENIZAS0 aAT103 + BGP / Estación Ave Fénix. Distrito Federal, 2006. p. 620 tEDIFICIOS MUNICIPALES - Chile - ROJO FUEGO0 aGonzalo Nardones Viviani / 18ª Compañia de Bomberos Vitacuba, Santiago de Chile, 2007. p. 680 tTEATRO COLÓN0 aRita Molinos y María Fernanda Sosa / Víctor Meano: el nuevo Teatro Colón y los principales Teatros del mundo. p. 720 tPRÁCTICAS EMERGENTES - SANTA FE0 aRicardo Sargiotti / Eñ ejercicio del diálogo. p. 840 aCasa en Colastiné / Colastiné, Santa Fe, 2010. p. 880 aCasa Mayol / Santa Fe, 2003. p. 910 aEladio 6 / Santa Fe, 2002. p. 930 aEladio 7 / Santa Fe, 2004. p. 940 aEladio 8 / Santa Fe, 2006. p. 950 aEladio 9 / Santa Fe, 2008. p. 960 aEladio 11 / Santa Fe, 2009. p. 970 aCondominio La Rambla / Santa Fe, 2010. p. 980 tINTERIORES - CASA FOA0 aLuis O´Grady y Carolina Coeti / Casa Foa celebra la historia. p. 1020 a* Arturo Peruzzotti / Fachada sobre calle Defensa. p. 1030 aGabriel del Campo / Anticuario. p. 1030 aMartín Di Peco / ¿En qué se parecen un modisto y un arquitecto?: sobre la muestra ¨en el centro de arquitectura de Ámsterdam. p. 1140 aCarolina Goeti / Espacios de intimidad y supervivencia. p. 1160 aIgnacio Ros de Olano / Machu Pucchu en papel. p. 1190 aRafael E.J. Iglesia y Sandra Rua / Cine y Ciudad, testimonios y casos. p. 1200 aRoberto Fernández / El Burgués Incómodo: Tessenow en el lugar y tiempo equivocados. p. 1220 aMario Sabugo / Chateubriand. p. 1270 aFernando Diez / Adiós al bar el Taller. p. 128 aArquitectura contemporánea0 aSumma+dBuenos Aires, ArgentinagNº111 (nov-2010), p. 128x0327-9022